000 00593nam a2200193 i 4500
001 144587
003 ES-MaACL
005 20250814063237.0
007 t|
008 070214s1955 sp |||| | spa d
080 _a821.133.1(493)-34"19"
100 1 _aSimenon, Georges,
_d1903-1989
_9106467
245 1 0 _aMaigret y el hombre de la calle /
_cGeorges Simenon ; traducción de F. Cañameras.
260 _aBarcelona :
_bAlbor,
_c1955.
300 _a223 p. ;
_c15 cm.
700 1 _aCanyameres, Ferran,
_d1898-1964
_934731
852 _aES-MaACL
_jC-10140
999 _c144587
_d144587